000 00477nam a2200145 i 4500
001 28052
003 ES-MaACL
007 t|
008 030116s1839 fr ||||1| fre d
100 1 _aBailly, A.
_924711
245 1 0 _aEposé de l'administration générale et locale des finances du Royaume Uni de la Grande-Bretagne et d'Irlande... /
_cpar A. Bailly.
260 _aParis :
_bFirmin Didot Frères et Cie,
_c1839.
300 _a2 v. ;
_c21 cm.
852 _aES-MaACL
_jG-12159-60
999 _c28052
_d28052